000
00314 a2200145 4500
001
75184
020
_a
9788591651207
040
_c
Anchieta - Colégio São Paulo
240
1
0
_a
Memórias do mar
_l
por
245
1
0
_a
Memórias do mar
300
_a
79
362
0
_a
2013
650
4
_a
Poesia brasileira
942
_c
BK
999
_c
75184
_d
75184